| 000 | 01200cam a2200253 a 4500 | ||
|---|---|---|---|
| 001 | 16140948 | ||
| 005 | 20121003124643.0 | ||
| 008 | 100317s2010 enkb b 001 0 eng | ||
| 020 | _a9780521190237 (hbk.) | ||
| 020 | _a0521190231 (hbk.) | ||
| 020 | _a0521137306 (pbk.) | ||
| 020 | _a9780521137300 (pbk.) | ||
| 082 | 0 | 4 |
_a327.53 _222 _bGAU |
| 100 | 1 |
_aGause, F. Gregory. _931042 |
|
| 245 | 1 | 4 |
_aThe International Relations of the Persian Gulf / _cF. Gregory Gause III. |
| 260 |
_aCambridge : _bCambridge University Press, _c2010. |
||
| 300 |
_axi, 258 p. : _bmaps ; _c23 cm. |
||
| 504 | _aIncludes bibliographical references and index. | ||
| 505 | 0 | _aThe Persian Gulf as a security region -- the emergence of the Gulf regional system, 1971-1978 -- The Iranian Revolution and the Iran-Iraq War -- The Gulf War and the 1990s -- 9/11, the Iraq War and the future of the Persian Gulf -- The Iraq War : American decision-making -- Conclusions : war and alliance in the Persian Gulf. | |
| 651 | 0 |
_aPersian Gulf Region _xForeign relations. _931043 |
|
| 653 |
_bPol _cOctober2012 |
||
| 942 |
_2ddc _cBB |
||
| 999 |
_c17050 _d17022 |
||